Länder die an der EM 2024 teilnehmen - Statistiken

Allgemein
  • Dieses Quiz wurde 182 mal gespielt
  • Das Durchschnittsergebnis liegt bei 21 aus 24
Antwortstatistiken
Antwort % Korrekt
Deutschland
99%
Spanien
98%
Italien
96%
England
95%
Frankreich
94%
Portugal
94%
Schweiz
94%
Niederlande
93%
Ungarn
93%
Österreich
92%
Dänemark
91%
Schottland
91%
Belgien
90%
Polen
90%
Kroatien
87%
Slowakei
87%
Türkei
87%
Albanien
86%
Slowenien
86%
Tschechien
85%
Ukraine
85%
Serbien
83%
Rumänien
79%
Georgien
65%
Keine übereinstimmenden Quizze gefunden
Verteilung der Resultate
Anzahl Personen mit jedem Resultat
Perzentil nach korrekt beantworteten Fragen
Ihre Resultats-Entwicklung
Sie haben dieses Quiz noch nicht gespielt